000 00956nam a2200253 i 4500
001 10448
003 ES-MaACL
005 20250829062526.0
007 t|
008 950622s1994 sp ||||1| spa d
020 _a84-362-2795-6
080 _a341.9(075.8)
245 0 0 _aDerecho internacional privado /
_cdirigido por Elisa Pérez Vera, con la colaboración de Paloma Abarca Junco... [et al.].
250 _a4ª ed. rev., junio 1993.
260 _aMadrid :
_bUniversidad Nacional de Educación a Distancia, Facultad de Derecho,
_c1993 (
_g1994 imp.)
300 _a2 v. ;
_c24 cm.
505 8 _aV.I -- V.II. Derecho civil internacional
650 0 7 _aDerecho internacional privado
_2embne
_911721
700 1 _aPérez Vera, Elisa.
_991198
700 1 _aAbarca Junco, Ana Paloma,
_917970
710 2 _aUniversidad Nacional de Educación a Distancia (España)
_97405
852 _aES-MaACL
_jL-17858-9
_bR.123865
999 _c10448
_d10448